Investigando las maras y pandillas en Centroamérica, reflexiones metodológicas /
Trata sobre la violencia de las maras y las pandillas en Centroamérica. Son organizaciones colectivas que tienen convenciones y reglas fijas para rituales de iniciación, jerarquía y códigos que son parte de la identidad del grupo y los miembros. Los códigos pueden exigir patrones de comportamiento p...
Sábháilte in:
| Príomhchruthaitheoirí: | , |
|---|---|
| Formáid: | LEABHAR |
| Teanga: | Spanish |
| Foilsithe / Cruthaithe: |
Madrid:
Iberoamericana,
2008
|
| Ábhair: | |
| Rochtain ar líne: | http://journals.iai.spk-berlin.de/index.php/iberoamericana/article/download/795/478 |
| Clibeanna: |
Cuir clib leis
Níl clibeanna ann, Bí ar an gcéad duine le clib a chur leis an taifead seo!
|
MARC
| LEADER | 00000nam a22000007a 4500 | ||
|---|---|---|---|
| 008 | 141007s2008 es ||||| |||| 00| b spa d | ||
| 022 | |a 1577-3388 | ||
| 100 | 1 | |a Bellanger, Wendy | |
| 100 | 1 | |a Rocha, José Luis | |
| 245 | 1 | 1 | |a Investigando las maras y pandillas en Centroamérica, reflexiones metodológicas / |c Wendy Bellanger, José Luis Rocha |
| 260 | |a Madrid: |b Iberoamericana, |c 2008 | ||
| 300 | |a páginas 137-154 | ||
| 520 | |a Trata sobre la violencia de las maras y las pandillas en Centroamérica. Son organizaciones colectivas que tienen convenciones y reglas fijas para rituales de iniciación, jerarquía y códigos que son parte de la identidad del grupo y los miembros. Los códigos pueden exigir patrones de comportamiento particulares: ropas características, tatuajes y graffitis. Los grupos se caracterizan por los actos de violencia juvenil en la sociedad. | ||
| 650 | 1 | 4 | |a PANDILLAS |z AMERICA CENTRAL |
| 650 | 1 | 4 | |a DELINCUENCIA JUVENIL |z |
| 773 | |g Volumen 3, Número 32 : 137-154 ; diciembre, 2008 |q 137-154 |t Iberoamericana. Nueva época: América Latina, España, Portugal | ||
| 856 | |u http://journals.iai.spk-berlin.de/index.php/iberoamericana/article/download/795/478 | ||
| 942 | |2 ddc |c ARC | ||
| 999 | |c 3559 |d 3559 | ||
